Score 0/7 Timer 03:00
0 Plays Today
Question Answer Wrong Answers
Moby-Dick, written by this novelist, is first published in the United States.
1851
Herman Melville
91.8%
Ernest Hemingway
3.3%
Jules Verne
2.9%
John Steinbeck
1.8%
President Jimmy Carter issues an executive order to freeze $8 billion of this country's assets during a hostage crisis.
1979
Iran
88%
Libya
5.5%
Saudi Arabia
2.1%
Panama
3.3%
This Disney animated film, featuring the voices of Auliʻi Cravalho and Dwayne Johnson, premieres.
2016
Moana
80%
Lilo & Stitch
7.3%
Zootopia
6.4%
Big Hero 6
4.6%
This Milwaukee Brave, who would end his career as MLB's home run king (with 755), wins his first and only MVP award.
1957
Hank Aaron
68.7%
Mickey Mantle
12.4%
Babe Ruth
9.7%
Barry Bonds
8.4%
This Greek composer & pianist, known for performing live at the Acropolis, is born in Kalamata, Greece.
1954
Yanni
59.7%
Vangelis
26.7%
Anna Vissi
4.9%
Yo-Yo Ma
8.1%
Kaikoura, located on this country's South Island, experiences a magnitude 7.8 earthquake.
2016
New Zealand
46.1%
Japan
21.5%
Indonesia
26.5%
Micronesia
4.4%
This German polymath, who (concurrently with Isaac Newton) developed calculus, dies in Hanover at age 70.
1716
Gottfried Leibniz
41.3%
Carl Friedrich Gauss
17.7%
Johannes Kepler
35.5%
Max Born
5.4%
Remove Ads.
Support Sporcle.
Get the best of Sporcle when you Go Orange. This ad-free experience offers more features, more stats, and more fun while also helping to support Sporcle. Thank you for becoming a member.

You're not logged in!

Compare scores with friends on all Sporcle quizzes.
OR
Log In

Show Comments

Extras

Top Quizzes Today


Score Distribution

Your Account Isn't Verified!

In order to create a playlist on Sporcle, you need to verify the email address you used during registration. Go to your Sporcle Settings to finish the process.

Report this User

Report this user for behavior that violates our Community Guidelines.

Details: